[Event "Eastpointe (US Am N/5/9)"]
[Site "?"]
[Date "1994.??.??"]
[Round "?"]
[White "Lubben, Don"]
[Black "Velasquez, A."]
[Result "0-1"]
[WhiteElo "1860"]
[BlackElo "1645"]
[PlyCount "102"]
[EventDate "1994.??.??"]

{5/(9)} 1. e4 c5 2. Nf3 Nc6 3. d4 cxd4 4. Nxd4 g6 5. Bc4 Bg7 6. Be3 Nf6 7. Nc3
Qa5 8. f3 O-O 9. Qd2 Qb4 10. b3 Rd8 11. a3 Qa5 12. O-O a6 13. b4 Qc7 14. Bb3 e6
15. Rad1 d5 16. exd5 Nxd5 17. Nxd5 exd5 18. Ne2 Be6 19. Bg5 Rd7 20. Nf4 Re8 21.
Nxd5 Bd4+ 22. Ne3 Qe5 23. Bh6 Bxb3 24. cxb3 Bxe3+ 25. Qxe3 Qxe3+ 26. Bxe3 Rxd1
27. Rxd1 Rxe3 28. Rd7 Rxb3 29. Rxb7 Rxa3 30. b5 axb5 31. Rxb5 Nd4 32. Rb2 Kg7
33. Kf2 h5 34. Kg3 Nf5+ 35. Kf2 Kh6 36. Re2 Kg5 37. Rd2 h4 38. Re2 Ra4 39. Rb2
Kf4 40. Re2 g5 41. Rb2 Rd4 42. Re2 Nh6 43. g4 f5 44. gxf5 Nxf5 45. Rb2 h3 46.
Re2 Nh4 47. Re4+ Rxe4 48. fxe4 Kxe4 49. Kg3 Nf3 50. Kxh3 Nxh2 51. Kxh2 Kf3 0-1

[Event "Detroit (MCO/B/4/2)"]
[Site "?"]
[Date "1994.??.??"]
[Round "?"]
[White "Lubben, Don"]
[Black "Sledge, Ernest"]
[Result "1-0"]
[WhiteElo "1795"]
[BlackElo "1790"]
[PlyCount "65"]
[EventDate "1994.??.??"]

{4/(2)} 1. e4 e5 2. Nf3 d6 3. d4 Bg4 4. dxe5 Bxf3 5. gxf3 c6 6. exd6 Bxd6 7.
Be3 Qf6 8. Nc3 Nd7 9. Qd2 Ne5 10. O-O-O O-O-O 11. Bg5 Qxf3 12. Bxd8 Nc4 13. Qd3
Bf4+ 14. Kb1 Qxd3 15. Rxd3 Nd2+ 16. Ka1 Nf6 17. Bh3+ Kb8 18. Bxf6 gxf6 19. Rd1
Nc4 20. Rd8+ Rxd8 21. Rxd8+ Kc7 22. Rd7+ Kb6 23. Rxf7 Bxh2 24. Rxf6 Be5 25. Rh6
Nd2 26. Rxh7 Bxc3 27. bxc3 Nxe4 28. f4 Nxc3 29. f5 Nd5 30. Rh6 Ne3 31. f6 Nxc2+
32. Kb1 Na3+ 33. Kc1 1-0

[Event "Detroit (MCO/B/2b/1)"]
[Site "?"]
[Date "1994.??.??"]
[Round "?"]
[White "Lubben, Don"]
[Black "Pritchett, P."]
[Result "0-1"]
[WhiteElo "1795"]
[BlackElo "1690"]
[PlyCount "51"]
[EventDate "1994.??.??"]

1. e4 e5 2. Nf3 d6 3. d4 Nf6 4. Nc3 Nbd7 5. Bc4 Be7 6. O-O h6 7. Re1 O-O 8. h3
Re8 9. Be3 Bf8 10. Qd2 c6 11. dxe5 dxe5 12. Rad1 b5 13. Bd3 Qc7 14. Ne2 a6 15.
Ng3 Bb7 16. Nh4 c5 17. f3 c4 18. Bf1 Bc5 19. Kh1 Bxe3 20. Qxe3 Nf8 21. Nhf5 Re6
22. Nxg7 Nxe4 23. Nxe6 Nxg3+ 24. Kh2 Nxf1+ 25. Rxf1 Nxe6 26. Kh1 0-1

[Event "Grand Rapids (MI Am/1/11)"]
[Site "?"]
[Date "1994.??.??"]
[Round "?"]
[White "Lubben, Don"]
[Black "Nolan, Brian"]
[Result "1-0"]
[WhiteElo "1860"]
[BlackElo "1605"]
[PlyCount "127"]
[EventDate "1994.??.??"]

{1/(11)} 1. e4 c5 2. Nf3 d6 3. Bb5+ Bd7 4. a4 a6 5. Bc4 e6 6. d4 cxd4 7. c3 Nf6
8. Qxd4 Nc6 9. Qe3 Be7 10. O-O O-O 11. Rd1 Rc8 12. Nbd2 Qc7 13. h3 Rfd8 14. Nf1
Na5 15. Bd3 Nc4 16. Qe2 Nb6 17. Bc2 Bc6 18. Bf4 e5 19. Bg5 Qd7 20. Nxe5 Qe8 21.
Nxc6 Qxc6 22. Ng3 g6 23. Rd4 Kg7 24. Bb3 Ng8 25. Bxe7 Nxe7 26. Rad1 Rd7 27. Qg4
Kg8 28. Nh5 Rdd8 29. Nf6+ Kg7 30. Qf4 d5 31. Nxd5 Nbxd5 32. exd5 Qd6 33. Qxd6
Rxd6 34. Re4 Ng8 35. c4 Rc5 36. Bc2 Rc8 37. b3 Rc5 38. Rde1 Rc8 39. Re8 Rxe8
40. Rxe8 Rd7 41. Be4 Nf6 42. Re5 Nxe4 43. Rxe4 Kf6 44. Kf1 Rd6 45. Ke2 Rb6 46.
Re3 h5 47. Rd3 Ke7 48. c5 Rb4 49. Kd2 Kd7 50. Kc3 Rf4 51. Rf3 Rxf3+ 52. gxf3 h4
53. Kd4 f6 54. b4 Kc7 55. b5 a5 56. d6+ Kc8 57. c6 bxc6 58. bxc6 Kd8 59. Kd5 g5
60. Ke6 f5 61. c7+ Kc8 62. Ke7 g4 63. d7+ Kb7 64. c8=Q+ 1-0

[Event "Eastpointe (US Am N/3/6)"]
[Site "?"]
[Date "1994.??.??"]
[Round "?"]
[White "Lubben, Don"]
[Black "Moody, David"]
[Result "0-1"]
[WhiteElo "1860"]
[BlackElo "2045"]
[PlyCount "71"]
[EventDate "1994.??.??"]

{3/(6)} 1. e4 e5 2. Nf3 Nc6 3. Bb5 a6 4. Bxc6 dxc6 5. d4 exd4 6. Qxd4 Qxd4 7.
Nxd4 Bd7 8. Nc3 O-O-O 9. a3 Bd6 10. Be3 Ne7 11. O-O-O Ng6 12. h3 Rhe8 13. Nf3
f6 14. Rd3 Nf4 15. Bxf4 Bxf4+ 16. Nd2 Be6 17. g3 Be5 18. f4 Rxd3 19. cxd3 Bd4
20. Nf3 Bf2 21. g4 Be3+ 22. Kc2 Bxf4 23. Nd4 Bf7 24. Rf1 Bd6 25. Nf5 Bf8 26. g5
fxg5 27. Nxg7 Bxg7 28. Rxf7 Rg8 29. Ne2 h5 30. Ng3 g4 31. Nxh5 gxh3 32. Nxg7 h2
33. Rf1 Rxg7 34. Rh1 Rg2+ 35. Kc3 Kd7 36. Kd4 0-1

[Event "Grand Rapids (MI Am/3/16)"]
[Site "?"]
[Date "1994.??.??"]
[Round "?"]
[White "Lubben, Don"]
[Black "Miller, J."]
[Result "1-0"]
[WhiteElo "1860"]
[BlackElo "1605"]
[PlyCount "35"]
[EventDate "1994.??.??"]

{3/(16)} 1. e4 e6 2. d4 d5 3. Nc3 c5 4. exd5 exd5 5. dxc5 Nc6 6. Qxd5 Qe7+ 7.
Be3 Be6 8. Qf3 Ne5 9. Bb5+ Bd7 10. Qxb7 Rd8 11. O-O-O Nf6 12. c6 Nxc6 13. Bxc6
Bxc6 14. Qxc6+ Nd7 15. Nd5 Qe5 16. Nf3 Qf5 17. Nc7+ Ke7 18. Qd6# 1-0

[Event "Detroit (MCO/B/6/2)"]
[Site "?"]
[Date "1994.??.??"]
[Round "?"]
[White "Lubben, Don"]
[Black "McCarter, Robert"]
[Result "1/2-1/2"]
[WhiteElo "1795"]
[BlackElo "1725"]
[PlyCount "104"]
[EventDate "1994.??.??"]

{6/(2)} 1. e4 c5 2. Nf3 d6 3. Bb5+ Bd7 4. Qe2 Nc6 5. c3 a6 6. Ba4 g6 7. O-O Bg7
8. Rd1 e6 9. d4 cxd4 10. cxd4 b5 11. Bc2 Nb4 12. Bb3 a5 13. a3 Na6 14. Bf4 Qb6
15. Be3 Qb7 16. d5 e5 17. Nbd2 Nf6 18. Rac1 O-O 19. h3 Rfc8 20. Ne1 Rxc1 21.
Rxc1 a4 22. Bd1 Rc8 23. Rxc8+ Qxc8 24. Qd3 Nc5 25. Qc2 Bf8 26. Bf3 Ne8 27. b4
axb3 28. Nxb3 Nxb3 29. Qxb3 Qc4 30. Qd3 Qxd3 31. Nxd3 f5 32. Nb4 fxe4 33. Bxe4
Nf6 34. Bd3 Kf7 35. Bg5 Be7 36. Bxf6 Bxf6 37. Nc6 Bxc6 38. dxc6 Ke7 39. Bxb5
Kd8 40. Kf1 Bg5 41. Ke2 Bc1 42. a4 Ba3 43. Ke3 Bc5+ 44. Ke2 Bb6 45. f3 Ke7 46.
Kd3 d5 47. g3 g5 48. Kc3 Ba5+ 49. Kb3 Kd6 50. Kc2 Kc5 51. Kd3 Kd6 52. Ke3 Bb6+
1/2-1/2

[Event "Eastpointe (EDO/1b/10)"]
[Site "?"]
[Date "1994.??.??"]
[Round "?"]
[White "Lubben, Don"]
[Black "Hartwig, W."]
[Result "1-0"]
[WhiteElo "1860"]
[BlackElo "1605"]
[PlyCount "53"]
[EventDate "1994.??.??"]

1. e4 g6 2. d4 Bg7 3. f4 e6 4. Nf3 Ne7 5. c4 O-O 6. Nc3 b6 7. Be3 Bb7 8. Qd2 f5
9. e5 Bxf3 10. gxf3 d6 11. h4 d5 12. h5 gxh5 13. Rxh5 Nd7 14. O-O-O c5 15. cxd5
Nxd5 16. Nxd5 exd5 17. dxc5 Nxc5 18. Bxc5 Rc8 19. Qxd5+ Qxd5 20. Rxd5 bxc5 21.
Bd3 Rfd8 22. Bc4 Rxd5 23. Bxd5+ Kf8 24. Rxf5+ Ke7 25. Rf7+ Kd8 26. Rxg7 c4 27.
Rg8+ 1-0

[Event "Eastpointe (EDO/4/17)"]
[Site "?"]
[Date "1994.??.??"]
[Round "?"]
[White "Lubben, Don"]
[Black "Carvell, John"]
[Result "1-0"]
[WhiteElo "1860"]
[BlackElo "1605"]
[PlyCount "55"]
[EventDate "1994.??.??"]

{4/(17)} 1. e4 c5 2. Nf3 e6 3. d4 cxd4 4. Nxd4 Nf6 5. Nc3 Qc7 6. a3 Nc6 7. Be3
a6 8. Be2 Be7 9. Qd2 Ng8 10. f4 e5 11. Nf5 g6 12. Nd5 Qb8 13. Nfxe7 Qd6 14.
Nxg8 Rxg8 15. O-O-O b5 16. Nb6 Nd4 17. Bxd4 exd4 18. Nxa8 Qb8 19. Qxd4 Qxa8 20.
Rd2 Kd8 21. Rhd1 Qb7 22. Bg4 f5 23. exf5 gxf5 24. Bxf5 Re8 25. Bxd7 Bxd7 26.
Qxd7+ Qxd7 27. Rxd7+ Kc8 28. Rxh7 1-0

[Event "Detroit (MCO/A/6/1)"]
[Site "?"]
[Date "1994.??.??"]
[Round "?"]
[White "Lou, M."]
[Black "Vandivier, Don"]
[Result "1-0"]
[WhiteElo "1990"]
[BlackElo "1985"]
[PlyCount "57"]
[EventDate "1994.??.??"]

{6/(1)} 1. d4 Nf6 2. c4 e6 3. Nf3 d5 4. Nc3 Be7 5. Bg5 O-O 6. e3 a6 7. Rc1 Nbd7
8. cxd5 exd5 9. Bd3 c5 10. O-O cxd4 11. exd4 Re8 12. Re1 Nb6 13. Ne5 Be6 14.
Bb1 Rc8 15. Qd3 g6 16. Qe2 Ne4 17. Nxe4 Rxc1 18. Bxc1 dxe4 19. Qxe4 Bb4 20. Rd1
Bf5 21. Qf3 f6 22. Bxf5 fxe5 23. Qb3+ Kg7 24. dxe5 Rxe5 25. Be3 Rd5 26. Rxd5
Qxd5 27. Qxd5 Nxd5 28. Bd4+ Kf7 29. Bc8 1-0

[Event "Detroit (MCO/A/5/1)"]
[Site "?"]
[Date "1994.??.??"]
[Round "?"]
[White "Lou, M."]
[Black "Sukcharoenphon, T."]
[Result "1-0"]
[WhiteElo "1990"]
[BlackElo "1900"]
[PlyCount "107"]
[EventDate "1994.??.??"]

{5/(1)} 1. d4 Nf6 2. c4 e6 3. Nf3 b6 4. g3 Bb7 5. Bg2 Be7 6. O-O O-O 7. Nc3 Ne4
8. Bd2 Nxd2 9. Qxd2 d6 10. e4 Nd7 11. a3 a5 12. Rfe1 h6 13. Qc2 c5 14. d5 Bf6
15. Nb5 Qb8 16. Bh3 Re8 17. Rad1 Ne5 18. Nxe5 dxe5 19. dxe6 fxe6 20. Rd6 Bc8
21. Red1 Qb7 22. Qe2 Kh7 23. Bg4 Be7 24. Bxe6 Bxe6 25. Rxe6 Bf8 26. Rxe8 Rxe8
27. Qg4 Qf7 28. Qf5+ Qxf5 29. exf5 h5 30. Rd7 Kh6 31. Nc7 Re7 32. Rxe7 Bxe7 33.
h4 g5 34. fxg6 Kxg6 35. Nd5 Bd8 36. f3 Kf5 37. Kf2 e4 38. fxe4+ Kxe4 39. Ke2
Ke5 40. Ke3 b5 41. Nf4 bxc4 42. Nxh5 Kf5 43. Kf3 Bc7 44. g4+ Ke5 45. Nf4 Bd8
46. g5 a4 47. g6 Kf6 48. h5 Ba5 49. Nd5+ Kg7 50. Nc3 Bc7 51. Nxa4 Be5 52. Nc3
Kh6 53. Kg4 Bd4 54. a4 1-0

[Event "Detroit (MCO/A/2b/1)"]
[Site "?"]
[Date "1994.??.??"]
[Round "?"]
[White "Lou, M."]
[Black "Haakonstad, Olaf"]
[Result "1-0"]
[WhiteElo "1990"]
[BlackElo "1815"]
[PlyCount "85"]
[EventDate "1994.??.??"]

1. d4 Nf6 2. c4 e6 3. Nf3 b6 4. g3 Bb7 5. Bg2 Be7 6. O-O O-O 7. Nc3 d6 8. Qc2
Nbd7 9. e4 e5 10. d5 a5 11. Ne1 Nc5 12. Nd3 Nxd3 13. Qxd3 Nd7 14. Be3 Bg5 15.
f4 exf4 16. gxf4 Bf6 17. Rae1 Re8 18. Kh1 g6 19. Bd4 Bxd4 20. Qxd4 f6 21. Re3
Re7 22. Bh3 Qf8 23. Nb5 Nc5 24. e5 dxe5 25. fxe5 f5 26. Bg2 Rd8 27. Qf4 Qg7 28.
Nd4 Rde8 29. Nxf5 gxf5 30. Rg3 Qxg3 31. Qxg3+ Rg7 32. Qf4 Re6 33. Qxf5 Re8 34.
Be4 Nxe4 35. Qxe4 Bc8 36. e6 c6 37. Rg1 cxd5 38. cxd5 Rxg1+ 39. Kxg1 Re7 40.
Qd4 Rg7+ 41. Kf2 Bb7 42. d6 Rg2+ 43. Kf1 1-0

[Event "Detroit (Class A/4/3)"]
[Site "?"]
[Date "1994.??.??"]
[Round "?"]
[White "Lou, M."]
[Black "Gatchalian, F."]
[Result "1-0"]
[WhiteElo "1920"]
[BlackElo "1875"]
[PlyCount "81"]
[EventDate "1994.??.??"]

{4/(3)} 1. d4 Nf6 2. c4 g6 3. Nc3 Bg7 4. e4 d6 5. Nf3 O-O 6. h3 Nbd7 7. Be3 e5
8. d5 Re8 9. Be2 Nc5 10. Nd2 a5 11. g4 Nfd7 12. h4 h6 13. Nf1 Kh7 14. Ng3 Rh8
15. Qd2 a4 16. O-O-O Kg8 17. Rh2 Bf8 18. Rg1 c6 19. Rhg2 Rb8 20. g5 h5 21. Bxh5
gxh5 22. Nf5 Bg7 23. g6 f6 24. Bh6 Rxh6 25. Qxh6 Bxh6+ 26. Nxh6+ Kg7 27. Nf5+
Kg8 28. g7 Nd3+ 29. Kd2 Nf4 30. Nh6+ Kh7 31. g8=Q+ Qxg8 32. Rxg8 Nb6 33. Nf7
Nxc4+ 34. Kc2 Bg4 35. Rxb8 Nh3 36. Rg2 f5 37. exf5 Bxf5+ 38. Kc1 Bg6 39. Rxb7
Nf4 40. Nxd6+ Kh6 41. Rxg6+ 1-0

[Event "Detroit (Class A/2/5)"]
[Site "?"]
[Date "1994.??.??"]
[Round "?"]
[White "Lou, M."]
[Black "Bemben, R."]
[Result "1-0"]
[WhiteElo "1920"]
[BlackElo "1860"]
[PlyCount "87"]
[EventDate "1994.??.??"]

{2/(5)} 1. d4 f5 2. c4 g6 3. g3 Bg7 4. Bg2 Nf6 5. Nf3 d6 6. O-O O-O 7. Nc3 Qe8
8. d5 e5 9. dxe6 Qxe6 10. Nd5 Na6 11. Rb1 Qe4 12. Nd4 Qe8 13. Re1 Ne4 14. f3
Nf6 15. Nxf6+ Bxf6 16. b4 Qe5 17. e3 Qe7 18. f4 Qg7 19. Qd2 Rb8 20. Bb2 Bd7 21.
a3 c6 22. Re2 Rfd8 23. Nb3 Be6 24. Bxf6 Qxf6 25. Qc2 Nc7 26. Rbe1 d5 27. Nd4
Bf7 28. Nf3 dxc4 29. Ne5 Bd5 30. e4 fxe4 31. Bxe4 Nb5 32. Rf2 Nxa3 33. Bxd5+
cxd5 34. Qc1 Nb5 35. f5 gxf5 36. Ng4 Qg6 37. Rxf5 Kh8 38. Qf4 Qd6 39. Ne5 Rf8
40. Rf1 Rxf5 41. Qxf5 Qb6+ 42. Kg2 Nd4 43. Nf7+ Kg8 44. Qe5 1-0

[Event "Novi (MI Women/4/2)"]
[Site "?"]
[Date "1994.??.??"]
[Round "?"]
[White "Livschitz, Victoria"]
[Black "Raupp, Helene"]
[Result "1-0"]
[WhiteElo "1605"]
[BlackElo "1615"]
[PlyCount "128"]
[EventDate "1994.??.??"]

{4/(2)} 1. e4 e6 2. d4 d5 3. Nd2 c5 4. Ngf3 Qb6 5. c3 Nc6 6. exd5 exd5 7. Bd3
Bg4 8. O-O cxd4 9. cxd4 Nxd4 10. Qa4+ Kd8 11. Qxd4 Nf6 12. Qxb6+ axb6 13. Ne5
Be6 14. Nb3 Bd6 15. Bf4 Ke7 16. Rfe1 Ra4 17. Bd2 Ne4 18. Bb5 Raa8 19. Nf3 Rhc8
20. Nfd4 Bc5 21. Bc3 Nxc3 22. bxc3 Bxd4 23. cxd4 Rc7 24. a4 Rac8 25. Rac1 Rxc1
26. Rxc1 Rxc1+ 27. Nxc1 Kd6 28. Kf1 Bf5 29. Nd3 f6 30. Ke2 g5 31. h3 h5 32. Be8
h4 33. Ke3 Ke7 34. Bb5 Kd6 35. Nb4 Be6 36. f4 Bf5 37. fxg5 fxg5 38. Be2 Bd7 39.
Bf3 Bxa4 40. Bxd5 Bc6 41. Bxc6 bxc6 42. Ke4 c5 43. dxc5+ bxc5 44. Nc2 Ke6 45.
Ne3 Kd6 46. Kf5 Kc6 47. Kxg5 Kb5 48. Kxh4 c4 49. Nxc4 Kxc4 50. Kg5 Kd5 51. h4
Ke5 52. h5 Ke6 53. Kg6 Ke7 54. Kg7 Ke6 55. h6 Kf5 56. h7 Kg4 57. h8=Q Kf4 58.
Qh3 Ke5 59. Qg4 Kd5 60. Qf4 Kc5 61. Qe4 Kd6 62. Qf5 Kc6 63. Qe5 Kb6 64. Qd5 Kc7
1-0

[Event "Detroit (MCO/Ch/3/2)"]
[Site "?"]
[Date "1994.??.??"]
[Round "?"]
[White "Livschitz, Victoria"]
[Black "Men, Boris"]
[Result "0-1"]
[WhiteElo "2400"]
[BlackElo "2545"]
[PlyCount "122"]
[EventDate "1994.??.??"]

{3/(2)} 1. e4 d5 2. exd5 Nf6 3. Nc3 Nxd5 4. Bc4 Nxc3 5. bxc3 e6 6. Nf3 Nd7 7.
d3 Nb6 8. Bb3 Be7 9. O-O Bf6 10. Bd2 c5 11. Rb1 Qc7 12. Qe2 Bd7 13. c4 Bc6 14.
c3 O-O-O 15. Rfc1 g5 16. Be3 g4 17. Nd2 Qe5 18. Bc2 Be7 19. Bd1 f5 20. d4 Qc7
21. g3 e5 22. dxe5 Qxe5 23. Bf4 Qxe2 24. Bxe2 Bf6 25. Nf1 Be4 26. Rb3 Rhe8 27.
Ne3 h5 28. Ra3 a6 29. Rb3 Na4 30. Kf1 Rd7 31. Nd5 Bd8 32. Ra3 Nb2 33. Be3 Nxc4
34. Bxc4 Bxd5 35. Bxd5 Rxd5 36. c4 Rd7 37. Bxc5 Bg5 38. Rb1 Re4 39. Re1 Rxc4
40. Bb6 Rd6 41. Be3 Bxe3 42. Raxe3 f4 43. gxf4 Rxf4 44. Re5 Rd2 45. Rxh5 Rfxf2+
46. Kg1 Rxa2 47. Rh7 Kb8 48. Rb1 Rfb2 49. Re1 a5 50. Rg7 Rg2+ 51. Kh1 Rxh2+ 52.
Kg1 Rag2+ 53. Kf1 Rh1+ 54. Kxg2 Rxe1 55. Rxg4 Ka7 56. Kf2 Re8 57. Rg5 Ka6 58.
Kf3 a4 59. Rg6+ Ka5 60. Rg5+ b5 61. Rg4 a3 0-1

[Event "Novi (MI Women/3/3)"]
[Site "?"]
[Date "1994.??.??"]
[Round "?"]
[White "Livschitz, Victoria"]
[Black "Jackson, K."]
[Result "1-0"]
[WhiteElo "1605"]
[BlackElo "1605"]
[PlyCount "71"]
[EventDate "1994.??.??"]

{3/(3)} 1. e4 d5 2. exd5 Qxd5 3. Nc3 Qa5 4. d4 c6 5. Bd3 Nf6 6. Bd2 e6 7. Nf3
Be7 8. O-O O-O 9. Ng5 g6 10. Nge4 Nbd7 11. Qf3 Rd8 12. Nxf6+ Nxf6 13. Ne4 Qc7
14. Nxf6+ Kg7 15. Ne4 Rxd4 16. Bc3 Qe5 17. Qe3 c5 18. Nxc5 Qxe3 19. fxe3 Bxc5
20. Bxd4+ Bxd4 21. exd4 Bd7 22. Rf2 Re8 23. Raf1 f5 24. Re1 Bc6 25. Rfe2 Kf6
26. Bc4 Be4 27. Bd3 Bc6 28. c4 b5 29. d5 Bd7 30. c5 e5 31. c6 Bc8 32. d6 Ba6
33. d7 Rd8 34. Rxe5 Bc8 35. Bxb5 a6 36. Re8 1-0

[Event "Detroit (MCO/Ch/1a/6)"]
[Site "?"]
[Date "1994.??.??"]
[Round "?"]
[White "Livschitz, Victoria"]
[Black "Dangremond, Leonard"]
[Result "1-0"]
[WhiteElo "2400"]
[BlackElo "2060"]
[PlyCount "63"]
[EventDate "1994.??.??"]

1. e4 e5 2. Nf3 Nc6 3. Bb5 a6 4. Ba4 Nf6 5. O-O b5 6. Bb3 Be7 7. Re1 d6 8. h3
Na5 9. c3 Nxb3 10. Qxb3 Bb7 11. d3 O-O 12. Nbd2 Nd7 13. Nf1 Nc5 14. Qc2 f5 15.
Ng3 fxe4 16. dxe4 Bc8 17. Kh2 Bd7 18. Be3 Ne6 19. Qd2 Nf4 20. Rad1 Be6 21. Bxf4
exf4 22. Nf5 Bxf5 23. Qd5+ Kh8 24. exf5 Bg5 25. Nd4 Qf6 26. Ne6 Rfc8 27. Nxc7
Ra7 28. Ne6 h5 29. Qxd6 Bh4 30. Nxf4 Qxd6 31. Rxd6 Bxf2 32. Red1 1-0

[Event "Detroit (MI Op/3/13)"]
[Site "?"]
[Date "1994.??.??"]
[Round "?"]
[White "Linn, Peter"]
[Black "Turner, Keita"]
[Result "1-0"]
[WhiteElo "2150"]
[BlackElo "1820"]
[PlyCount "111"]
[EventDate "1994.??.??"]

{3/(13)} 1. e4 c5 2. Nc3 Nc6 3. f4 d6 4. Nf3 g6 5. Bc4 Bg7 6. O-O Nf6 7. h3 a6
8. a4 Na5 9. Ba2 c4 10. d3 Be6 11. Be3 O-O 12. Qe1 d5 13. Qf2 Qc8 14. Bb6 Nc6
15. Ng5 Nd7 16. Qh4 h6 17. Nxe6 fxe6 18. Bf2 Nf6 19. exd5 exd5 20. dxc4 Nb4 21.
cxd5 Nxa2 22. Rxa2 Qc4 23. f5 Qxh4 24. Bxh4 g5 25. Bf2 Rad8 26. Rd1 Nh5 27. Bd4
Nf4 28. Bxg7 Kxg7 29. g4 Nxh3+ 30. Kh2 Nf4 31. Ra3 h5 32. Rb3 hxg4 33. Rxb7
Rxf5 34. Rxe7+ Kg6 35. Kg3 Nxd5 36. Nxd5 Rfxd5 37. Rxd5 Rxd5 38. Re2 Rd6 39. b3
a5 40. Kxg4 Rd4+ 41. Kg3 Kf5 42. Kf3 Rf4+ 43. Kg3 Rg4+ 44. Kh3 Rh4+ 45. Kg2
Rg4+ 46. Kh3 Rh4+ 47. Kg2 Rg4+ 48. Kf2 Rf4+ 49. Kg1 Rg4+ 50. Kf1 Rf4+ 51. Rf2
Rxf2+ 52. Kxf2 Ke4 53. c3 Kd3 54. b4 Kc4 55. b5 Kc5 56. Kg3 1-0

[Event "Detroit (MI Op/6/4)"]
[Site "?"]
[Date "1994.??.??"]
[Round "?"]
[White "Linn, Peter"]
[Black "Thompson, Dexter"]
[Result "1/2-1/2"]
[WhiteElo "2155"]
[BlackElo "2240"]
[PlyCount "84"]
[EventDate "1994.??.??"]

{6/(4)} 1. e4 e5 2. Nf3 Nc6 3. Nc3 Nf6 4. d4 exd4 5. Nxd4 Bb4 6. Nxc6 bxc6 7.
Bd3 d5 8. exd5 cxd5 9. O-O O-O 10. Bg5 Bxc3 11. bxc3 Qd6 12. Qf3 Bg4 13. Qf4
Rad8 14. Qa4 Bd7 15. Qh4 h6 16. Bf4 Qc6 17. Rab1 Rb8 18. Be5 Rfe8 19. Qd4 Rb6
20. Rb3 Ng4 21. Bg3 h5 22. h3 Nh6 23. Qf4 Rxb3 24. axb3 Qxc3 25. Qxc7 Qxc7 26.
Bxc7 Rc8 27. Bf4 Bf5 28. Rd1 Bxd3 29. Rxd3 Rxc2 30. Rxd5 Rb2 31. Rxh5 Rxb3 32.
Ra5 Rb7 33. Be3 Kh7 34. Bxa7 Kg6 35. Be3 Nf5 36. Ra6+ f6 37. Ra3 Rb1+ 38. Kh2
Rb2 39. Ba7 Rc2 40. g3 Nd6 41. Kg2 Nb5 42. Ra5 Nxa7 1/2-1/2

[Event "Detroit (MI Op/2/22)"]
[Site "?"]
[Date "1994.??.??"]
[Round "?"]
[White "Linn, Peter"]
[Black "Harris, T."]
[Result "1-0"]
[WhiteElo "2155"]
[BlackElo "2000"]
[PlyCount "27"]
[EventDate "1994.??.??"]

{2/(22)} 1. e4 c5 2. Nc3 Nc6 3. f4 g6 4. Nf3 Bg7 5. Bc4 e6 6. f5 exf5 7. d3
Nge7 8. O-O O-O 9. Qe1 Ne5 10. Nxe5 Bxe5 11. Bg5 Qe8 12. Qh4 Nc6 13. Nd5 Nd4
14. Qh6 1-0

[Event "Eastpointe (MI Action/6/8)"]
[Site "?"]
[Date "1994.??.??"]
[Round "?"]
[White "Link, J."]
[Black "Skidmore, Jennifer"]
[Result "0-1"]
[WhiteElo "1740"]
[BlackElo "1930"]
[PlyCount "71"]
[EventDate "1994.??.??"]

{6/(8)} 1. e4 e5 2. Nf3 d6 3. Bc4 Be7 4. h3 Nf6 5. Nc3 c6 6. d3 a5 7. a4 O-O 8.
O-O Nbd7 9. Nh2 b6 10. f4 Bb7 11. Ng4 d5 12. exd5 cxd5 13. Bb5 Nxg4 14. Qxg4
Nf6 15. Qg3 Bc5+ 16. Kh1 exf4 17. Bxf4 Bd4 18. Bg5 Nh5 19. Qg4 Bf6 20. h4 g6
21. Kh2 Be5+ 22. Kg1 Qd6 23. Ne2 f5 24. Qf3 Rab8 25. Nf4 Ng7 26. c3 d4 27. Qd1
dxc3 28. bxc3 Bxc3 29. Qb3+ Kh8 30. Qxc3 Rbc8 31. Qb2 Qc5+ 32. Kh1 Rf7 33. Ne6
Bxg2+ 34. Kxg2 Qd5+ 35. Kh2 Qxe6 36. Bc4 0-1

[Event "Eastpointe (MI Action/1/19)"]
[Site "?"]
[Date "1994.??.??"]
[Round "?"]
[White "Link, J."]
[Black "Russeau, M."]
[Result "1-0"]
[WhiteElo "1740"]
[BlackElo "1605"]
[PlyCount "59"]
[EventDate "1994.??.??"]

{1/(19)} 1. e4 e5 2. Nf3 Nc6 3. Bb5 Bb4 4. Bxc6 bxc6 5. O-O Ba6 6. d3 Nh6 7.
Nxe5 Qe7 8. Nf3 f5 9. Bxh6 gxh6 10. Nh4 d5 11. Nxf5 Qf7 12. exd5 cxd5 13. Qe2+
Be7 14. Re1 O-O-O 15. Qxe7 Rdf8 16. Qxf7 Rxf7 17. Nxh6 Rg7 18. Nc3 d4 19. Nd5
Rd8 20. Nf5 Rg6 21. Nfe7+ Kb8 22. Nc6+ Kb7 23. Nxd8+ Kc8 24. Ne7+ Kxd8 25. Nxg6
hxg6 26. Re4 Bb7 27. Rxd4+ Ke7 28. Re1+ Kf7 29. Rd7+ Kg8 30. Re8# 1-0

[Event "Eastpointe (MI Action/3/13)"]
[Site "?"]
[Date "1994.??.??"]
[Round "?"]
[White "Link, J."]
[Black "Mailing, Don"]
[Result "1-0"]
[WhiteElo "1740"]
[BlackElo "1605"]
[PlyCount "45"]
[EventDate "1994.??.??"]

{3/(13)} 1. e4 e6 2. d4 d5 3. exd5 exd5 4. f4 Nf6 5. Nf3 Nc6 6. c3 Bd6 7. Bd3
O-O 8. O-O Bd7 9. Qc2 Re8 10. Ne5 Ne4 11. Nd2 f6 12. Nxd7 Qxd7 13. Nxe4 dxe4
14. Bxe4 Re7 15. Bxh7+ Kf8 16. Bf5 Qd8 17. Qb3 Na5 18. Qd5 c6 19. Qf3 Qc7 20.
Bg6 Nc4 21. b3 Nb6 22. Qh3 Nd5 23. Qh8# 1-0

[Event "Grand Rapids (MI Am/3/27)"]
[Site "?"]
[Date "1994.??.??"]
[Round "?"]
[White "Lindsey, P."]
[Black "Waite, Lawrence"]
[Result "1-0"]
[WhiteElo "1605"]
[BlackElo "1605"]
[PlyCount "99"]
[EventDate "1994.??.??"]

{3/(27)} 1. a3 c5 2. c4 Nc6 3. Nf3 Nf6 4. d4 cxd4 5. Nxd4 e6 6. Nxc6 bxc6 7.
Nc3 Bc5 8. b4 Bb6 9. Rb1 Ng4 10. e3 Ne5 11. f4 Ng6 12. g3 O-O 13. h4 Ne7 14. g4
d5 15. c5 Bc7 16. Na2 e5 17. f5 e4 18. Rg1 Nxf5 19. gxf5 Qxh4+ 20. Kd2 Bxf5 21.
Bb2 f6 22. Be2 Be5 23. Rh1 Qg3 24. Qb3 Bxb2 25. Qxb2 Rad8 26. Qb3 Kh8 27. Rbg1
Qe5 28. Rh5 d4 29. Nc1 dxe3+ 30. Kxe3 Qd4+ 31. Kf4 Qxg1 32. Qe3 Qxe3+ 33. Kxe3
Bg6 34. Rh2 f5 35. Rf2 Be8 36. Nb3 Bd7 37. Kf4 h6 38. Nd4 g5+ 39. Ke5 Kg7 40.
Bh5 Kh7 41. b5 cxb5 42. c6 Bc8 43. Nxb5 a6 44. Nd6 Rxd6 45. Kxd6 Rd8+ 46. Ke7
Rd3 47. Rb2 Rc3 48. Kd6 Kg7 49. Rb7+ Kf6 50. Rf7# 1-0

[Event "Ann Arbor (MLS Jul-Aug)"]
[Site "?"]
[Date "1994.??.??"]
[Round "?"]
[White "Lindsey, P."]
[Black "Leaf, J."]
[Result "1-0"]
[WhiteElo "1605"]
[BlackElo "1605"]
[PlyCount "33"]
[EventDate "1994.??.??"]

1. e4 e5 2. Nf3 Nc6 3. Bc4 Nf6 4. Ng5 d5 5. exd5 Nxd5 6. Nxf7 Kxf7 7. Qf3+ Ke6
8. Nc3 Ke7 9. Nxd5+ Ke8 10. Nb6 Qe7 11. Nxa8 e4 12. Qc3 Qg5 13. O-O Bh3 14.
Qxh3 Nd4 15. Qc8+ Ke7 16. Qxc7+ Ke8 17. Bf7# 1-0

[Event "Ann Arbor (MLS Jul-Aug)"]
[Site "?"]
[Date "1994.??.??"]
[Round "?"]
[White "Lindsey, P."]
[Black "Koernke, R."]
[Result "0-1"]
[WhiteElo "1605"]
[BlackElo "1605"]
[PlyCount "64"]
[EventDate "1994.??.??"]

1. c4 c6 2. Nc3 d5 3. d4 Nf6 4. Nf3 dxc4 5. e4 b5 6. a4 b4 7. Na2 Nxe4 8. Bxc4
e6 9. O-O Be7 10. Bf4 a5 11. Rc1 Bd6 12. Bxd6 Nxd6 13. Bd3 O-O 14. Qc2 f5 15.
Rfe1 Qb6 16. Qb3 Qd8 17. Qc2 Rf6 18. Ne5 Bb7 19. Re3 Qb6 20. Qc5 Qxc5 21. dxc5
Nf7 22. f4 Nxe5 23. fxe5 Rf7 24. Bc4 Re7 25. Rd3 Kf7 26. Rd8 Nd7 27. Rxa8 Bxa8
28. Rf1 Ke8 29. Re1 Nxc5 30. Nc1 Rd7 31. b3 Ke7 32. Ne2 Nd3 0-1

[Event "Grand Rapids (MI Am/2/18)"]
[Site "?"]
[Date "1994.??.??"]
[Round "?"]
[White "Lindsey, P."]
[Black "Anderson, Gale"]
[Result "0-1"]
[WhiteElo "1605"]
[BlackElo "1785"]
[PlyCount "48"]
[EventDate "1994.??.??"]

{2/(18)} 1. c4 c5 2. Nc3 Nc6 3. g3 e6 4. Bg2 Nge7 5. e4 g6 6. Nge2 Bg7 7. O-O
a6 8. a3 Rb8 9. Na4 d6 10. d3 Bd7 11. Be3 Nd4 12. Nxd4 cxd4 13. c5 dxe3 14.
cxd6 exf2+ 15. Rxf2 Nc6 16. Kh1 O-O 17. Re2 Nd4 18. Re3 Bxa4 19. Qxa4 Qxd6 20.
b4 b5 21. Qd1 Nc2 22. e5 Bxe5 23. d4 Nxe3 24. Qf3 Qxd4 0-1